[Event "Niedersachsen-ch op B"]
[Site "Verden"]
[Date "2019.01.06"]
[Round "7"]
[White "Toepsch, Arne"]
[Black "Bischoff, Norbert"]
[Result "1/2-1/2"]
[WhiteElo "1333"]
[BlackElo "1508"]
[PlyCount "37"]
[EventDate "2019.01.03"]
[EventType "swiss"]
[EventRounds "7"]
[EventCountry "GER"]
[SourceTitle "EXT 2022"]
[Source "ChessBase"]
[SourceDate "2021.10.06"]
[SourceVersion "1"]
[SourceVersionDate "2021.10.06"]
[SourceQuality "1"]

1. e4 e6 2. d4 d5 3. exd5 exd5 4. c4 Nf6 5. Nf3 Be7 6. Nc3 0-0 7. Be2 c6 8. Be3 h6 9. 0-0 Be6 10. Rc1 dxc4 11. a4 Nd5 12. Bd2 Nxc3 13. bxc3 Bd5 14. Ne5 Bd6 15. Nxc4 Bc7 16. Ne3 Qd6 17. g3 Be6 18. Re1 Nd7 19. Bc4 1/2-1/2

[Event "Niedersachsen-ch op C"]
[Site "Verden"]
[Date "2018.01.04"]
[Round "1"]
[White "Kieselbach, Marvin"]
[Black "Toepsch, Arne"]
[Result "1-0"]
[WhiteElo "1425"]
[BlackElo "1170"]
[PlyCount "79"]
[EventDate "2018.01.04"]
[EventType "swiss"]
[EventRounds "7"]
[EventCountry "GER"]
[SourceTitle "EXT 2022"]
[Source "ChessBase"]
[SourceDate "2021.10.06"]
[SourceVersion "1"]
[SourceVersionDate "2021.10.06"]
[SourceQuality "1"]

1. d4 d5 2. e3 c6 3. Bd3 Nf6 4. Nd2 Bg4 5. Ngf3 e6 6. c3 Nbd7 7. h3 Bh5 8. Qb3 Qb6 9. Qxb6 Nxb6 10. Ne5 Nfd7 11. f4 f6 12. Nef3 Bg6 13. Bxg6+ hxg6 14. e4 c5 15. e5 Rc8 16. exf6 gxf6 17. 0-0 Bd6 18. Nh2 cxd4 19. cxd4 Kf7 20. b3 Nb8 21. Rf3 Nc6 22. Bb2 Ne7 23. Rf2 Rh4 24. Ndf3 Rxf4 25. Bc1 Rf5 26. g4 Bxh2+ 27. Kxh2 Rxf3 28. Rxf3 Kg7 29. Ba3 Nc6 30. Raf1 Nxd4 31. Rxf6 Rc2+ 32. Kh1 Kh6 33. Bc1+ Rxc1 34. Rxc1 Ne2 35. Rc7 Kg5 36. Rxe6 Ng3+ 37. Kg2 Ne4 38. Rg7 Nf6 39. Rxb7 d4 40. h4+ 1-0

[Event "Niedersachsen-ch op-D"]
[Site "Verden"]
[Date "2017.01.08"]
[Round "7"]
[White "Toepsch, Arne"]
[Black "Fink, Moritz"]
[Result "1-0"]
[WhiteElo "1086"]
[BlackElo "850"]
[PlyCount "71"]
[EventDate "2017.01.05"]
[EventType "swiss"]
[EventRounds "7"]
[EventCountry "GER"]
[SourceTitle "CBM 187 Extra"]
[Source "ChessBase"]
[SourceDate "2018.11.04"]
[SourceVersion "1"]
[SourceVersionDate "2018.11.04"]
[SourceQuality "1"]

1. e4 e5 2. Nf3 Nc6 3. Bc4 Bc5 4. c3 Nf6 5. d4 exd4 6. cxd4 Bb6 7. Nc3 d6 8. h3 0-0 9. 0-0 Ba5 10. Qc2 Bxc3 11. bxc3 d5 12. exd5 Nxd5 13. Re1 Nb6 14. Bd3 Ne7 15. Bg5 f6 16. Bh4 Nbd5 17. Bxh7+ Kf7 18. Bd3 Be6 19. Rab1 Qd6 20. Bg3 Qc6 21. c4 Bf5 22. Bxf5 Nxf5 23. Qxf5 Ne7 24. Qe4 Qd7 25. Qxb7 Rfe8 26. Qxc7 Qxc7 27. Bxc7 Rac8 28. Rb7 Nc6 29. Rxe8 Rxe8 30. d5 Nd8 31. Bxd8+ Kf8 32. Ba5 Rc8 33. Rc7 Rb8 34. Rxa7 Rb1+ 35. Kh2 Rc1 36. Rc7 1-0

[Event "Niedersachsen-ch op-D"]
[Site "Verden"]
[Date "2017.01.05"]
[Round "2"]
[White "Hubert, Nikita"]
[Black "Toepsch, Arne"]
[Result "0-1"]
[WhiteElo "789"]
[BlackElo "1086"]
[PlyCount "64"]
[EventDate "2017.01.05"]
[EventType "swiss"]
[EventRounds "7"]
[EventCountry "GER"]
[SourceTitle "CBM 187 Extra"]
[Source "ChessBase"]
[SourceDate "2018.11.04"]
[SourceVersion "1"]
[SourceVersionDate "2018.11.04"]
[SourceQuality "1"]

1. e4 e5 2. Nf3 Nc6 3. Bb5 Nge7 4. Bxc6 Nxc6 5. d3 Bc5 6. Nc3 0-0 7. 0-0 d6 8. Bg5 f6 9. Bh4 Bg4 10. h3 Bh5 11. a3 Nd4 12. g4 Bf7 13. b4 Bb6 14. a4 Nxf3+ 15. Qxf3 Bd4 16. Ra3 Qd7 17. b5 c6 18. bxc6 bxc6 19. a5 d5 20. a6 Rac8 21. Ra4 Bxc3 22. Ra3 dxe4 23. dxe4 Qd2 24. Qd1 Qxd1 25. Rxd1 Bd4 26. c3 Bb6 27. Rb1 Rb8 28. Rc1 Bc5 29. Ra5 Rb5 30. Rxb5 cxb5 31. Rb1 Rb8 32. c4 Bxc4 0-1